000 00438nam a2200181Ia 4500
008 230524s9999 xx 000 0 und d
020 _a9788189897055
082 _bKUM
100 _a H. D. Kumar
_942623
245 0 _aEnvironmental Studies
250 _a1
260 _aNoida
_bIndia Tech
_c2014
300 _a"XVI,275p;"
500 _aQuantity Number: 1
650 _aEnvironmental
700 _a U. N. Das
_942624
942 _cBK
999 _c57634
_d57634